Safarnāmah arz̤ al-Qurʼān / (Record no. 73164)

MARC details
000 -LEADER
fixed length control field 00703cam a22002531a 4500
001 - CONTROL NUMBER
control field sa 67002262
003 - CONTROL NUMBER IDENTIFIER
control field DLC
005 - DATE AND TIME OF LATEST TRANSACTION
control field 20260227112329.0
008 - FIXED-LENGTH DATA ELEMENTS--GENERAL INFORMATION
fixed length control field 951004s1963 pk b 000 0 urdo
010 ## - LIBRARY OF CONGRESS CONTROL NUMBER
LC control number sa 67002262
025 ## - OVERSEAS ACQUISITION NUMBER
Overseas acquisition number P-U-737
035 ## - SYSTEM CONTROL NUMBER
System control number (OCoLC)33247066
040 ## - CATALOGING SOURCE
Original cataloging agency DLC
Transcribing agency WaU
Modifying agency DLC
042 ## - AUTHENTICATION CODE
Authentication code premarc
043 ## - GEOGRAPHIC AREA CODE
Geographic area code ma-----
050 00 - LIBRARY OF CONGRESS CALL NUMBER
Classification number DS49.7
Item number .M785
100 1# - MAIN ENTRY--PERSONAL NAME
Personal name ʻĀṣim, Muḥammad.
245 10 - TITLE STATEMENT
Title Safarnāmah arz̤ al-Qurʼān /
Statement of responsibility, etc. Muḥammad ʻĀṣim.
260 ## - PUBLICATION, DISTRIBUTION, ETC.
Place of publication, distribution, etc. Lāhaur :
Name of publisher, distributor, etc. Islāmik Pablīkeshanz,
Date of publication, distribution, etc. 1963.
300 ## - PHYSICAL DESCRIPTION
Extent 320 p. :
Other physical details fold. maps ;
Dimensions 18 cm.
546 ## - LANGUAGE NOTE
Language note In Urdu.
651 #0 - SUBJECT ADDED ENTRY--GEOGRAPHIC NAME
Geographic name Arab countries
General subdivision Description and travel.
630 00 - SUBJECT ADDED ENTRY--UNIFORM TITLE
Uniform title Qurʼan
General subdivision Geography.

No items available.

Powered by Koha